000 00407nam a2200145Ia 4500
008 230917s9999||||xx |||||||||||||| ||und||
040 _e209821
_aMAIN
041 _aEnglish
082 _a511.313 H199A
100 _aHanss, Michael
245 0 _aApplied fuzzy arthmetic: An introduction with engineering applications
260 _aNew Delhi
_bspringer(India)
_c2009
300 _axiii,256 p.
942 _cBK
999 _c165513
_d165513